Evaluating sustainable housing construction standards in London (Record no. 105771)
[ view plain ]
| 000 -LEADER | |
|---|---|
| fixed length control field | 01307cam a2200217 4500 |
| 001 - CONTROL NUMBER | |
| control field | ##L134679 |
| 008 - FIXED-LENGTH DATA ELEMENTS--GENERAL INFORMATION | |
| fixed length control field | 060824n2006 000 0 eng u |
| 035 ## - SYSTEM CONTROL NUMBER | |
| System control number | (Sirsi) u134679 |
| 041 0# - LANGUAGE CODE | |
| Language code of text/sound track or separate title | eng |
| 050 04 - LIBRARY OF CONGRESS CALL NUMBER | |
| Classification number | 711.1 $2 18 |
| 100 1# - MAIN ENTRY--PERSONAL NAME | |
| Personal name | Nye, Michael |
| 245 00 - TITLE STATEMENT | |
| Title | Evaluating sustainable housing construction standards in London |
| Remainder of title | applying an ecological footprint analysis to standards in the London Plan and the GLA's draft SPG for sustainable design and construction |
| 260 ## - PUBLICATION, DISTRIBUTION, ETC. | |
| Place of publication, distribution, etc. | London |
| Name of publisher, distributor, etc. | LSE Centre for Environmental Policy and Governance |
| Date of publication, distribution, etc. | 2006 |
| 300 ## - PHYSICAL DESCRIPTION | |
| Extent | 75p. |
| Other physical details | graphs, tables. |
| Dimensions | 30cm. |
| 520 ## - SUMMARY, ETC. | |
| Summary, etc. | This report presents an assessment of the potential of applying the REAP (Resource and Energy Analysis Programme) ecological footprinting tool in the context of policy development at the Greater London Authority, particularly through an evaluation of elements of the GLA's draft Supplementary Planning Guidance on sustainable design and construction, in the context of the London Plan. The elements evaluated related to infrastructure materials, waste and transport. |
| 651 #4 - SUBJECT ADDED ENTRY--GEOGRAPHIC NAME | |
| Geographic name | LONDON |
| 690 ## - LOCAL SUBJECT ADDED ENTRY--TOPICAL TERM (OCLC, RLIN) | |
| Topical term or geographic name as entry element | ENVIRONMENTAL AND LAND CONSULTANCY-SUSTAINABILITY-SUSTAINABLE DEVELOPMENT |
| 700 1# - ADDED ENTRY--PERSONAL NAME | |
| Personal name | Rydin, Yvonne |
| 710 2# - ADDED ENTRY--CORPORATE NAME | |
| Corporate name or jurisdiction name as entry element | The LSE Centre for Environmental Policy and Governance |
| 9 (RLIN) | 5024 |
| 942 ## - ADDED ENTRY ELEMENTS (KOHA) | |
| Suppress in OPAC | 0 |
| Withdrawn status | Lost status | Source of classification or shelving scheme | Damaged status | Not for loan | Home library | Current library | Shelving location | Date acquired | Total Checkouts | Full call number | Barcode | Date last seen | Copy number | Price effective from | Koha item type |
|---|---|---|---|---|---|---|---|---|---|---|---|---|---|---|---|
| Dewey Decimal Classification | London | London | Folio | 24/08/2006 | F711.1 NYE | 30073191 | 06/08/2019 | 1 | 06/08/2019 | Book |